000 00789nam a22002417a 4500
003 UA-OsUOA
001 37026
007 ta
008 20061130b un ||||| |||| 00| 0 ukr d
100 _aМандрика М.Ї
090 _a82
_bМ23
942 _cCR
040 _aUA-OsUOA
_bukr
_cUA-OsUOA
_dUA-OsUOA
245 _aЗ болгарсько-українських літературних взаємин
_bВплив Шевченка на болгарську поезію
_cЗа ред.Я.Рудницького
300 _a16 с.
955 _a1
041 _aukr
080 _a82
260 _aВінніпег
_bУВАН
_c1956
250 _nДруге видання
650 7 _a82 Література. Літературознавство
_2UDC
999 _c435552
_d435552